| 000 | 00525nam a22001937a 4500 | ||
|---|---|---|---|
| 003 | OSt | ||
| 005 | 20140310181714.0 | ||
| 008 | 121213t xxu||||| |||| 00| 0 eng d | ||
| 020 | _a971080748X | ||
| 050 |
_aDS 675.8 _b.Al366 1972 |
||
| 082 |
_aFIL 959.092 _bR258 / Al25 1972 |
||
| 100 | _aAlejandro, Rufino | ||
| 245 |
_aBuhay at diwa ni Rizal / _cRufino Alejandro. |
||
| 260 |
_aManila : _bNational Bookstore, _c1972. |
||
| 300 |
_a213 p. : _bill. ; _c22 cm. |
||
| 650 | _aJose Rizal | ||
| 942 |
_2lcc _cBK |
||
| 999 |
_c1699 _d1699 |
||